000
00224nam a2200097Ia 4500
008
170619s9999 xx 000 0 und d
100
_a
Singh Sadhu
245
0
_a
Theory of mechanics
260
_b
Singapoore: Pearson
260
_c
2002
546
_a
ENGLISH
999
_c
17001
_d
17001